|
|
|
|
| LEADER |
00000nam a2200000Ii 4500 |
| 001 |
DIGOLEJNK0658 |
| 003 |
NyNyDIG |
| 006 |
m o d |
| 007 |
cr ||||||||||| |
| 008 |
221010s2019 cl ob 000 0 spa d |
| 035 |
|
|
|a (OCoLC)1350507525
|
| 040 |
|
|
|a DGITA
|b eng
|e rda
|e pn
|c DGITA
|
| 020 |
|
|
|z 9789563926774
|
| 041 |
1 |
|
|a spa
|h eng
|
| 043 |
|
|
|a e-uk---
|
| 050 |
1 |
4 |
|a KD4879 ebook
|
| 100 |
1 |
|
|a Wade, William,
|d 1918-2004,
|e author.
|
| 240 |
1 |
0 |
|a Administrative law.
|l Spanish
|s (Baena del Alcázar and Bardón Fernández)
|
| 245 |
1 |
0 |
|a Derecho administrativo /
|c Henry W.R. Wade ; edición al cuidado de Carlos Antonio Agurto Gonzáles, Sonia Lidia Quequejana Mamani, Benigno Choque Cuenca ; traducción de Mariano Baena del Alcázar y Elena Bardón Fernández.
|
| 264 |
|
1 |
|a Santiago, Chile :
|b Ediciones Olejnik,
|c [2019]
|
| 300 |
|
|
|a 1 online resource.
|
| 336 |
|
|
|a text
|b txt
|2 rdacontent
|
| 337 |
|
|
|a computer
|b c
|2 rdamedia
|
| 338 |
|
|
|a online resource
|b cr
|2 rdacarrier
|
| 347 |
|
|
|a text file
|2 rdaft
|
| 347 |
|
|
|b PDF
|
| 490 |
1 |
|
|a Biblioteca de derecho administrativo
|
| 504 |
|
|
|a Includes bibliographical references.
|
| 588 |
0 |
|
|a Online resource; title from PDF title page (Digitalia, viewed October 10, 2022)
|
| 650 |
|
0 |
|a Administrative law
|z Great Britain.
|
| 655 |
|
0 |
|a Electronic books.
|
| 700 |
1 |
|
|a Agurto Gonzáles, Carlos Antonio,
|e editor.
|
| 700 |
1 |
|
|a Quequejana Mamani, Sonia Lidia,
|e editor.
|
| 700 |
1 |
|
|a Choque Cuenca, Benigno,
|e editor.
|
| 700 |
1 |
|
|a Baena del Alcázar, Mariano,
|e translator.
|
| 700 |
1 |
|
|a Bardón Fernández, Elena,
|e translator.
|
| 700 |
1 |
|
|i Translation of:
|a Wade, William,
|d 1918-2004.
|t Administrative law.
|
| 791 |
2 |
|
|a Digitalia (Firm),
|e distributor.
|
| 793 |
0 |
|
|g Digitalia eBook Collection:
|a Ediciones Olejnik
|
| 776 |
0 |
8 |
|i Print version:
|a Wade, William, 1918-2004.
|s Administrative law. Spanish (Baena del Alcázar and Bardón Fernández).
|t Derecho administrativo.
|b Primera edición en Ediciones Olejnik.
|d Santiago, Chile : Ediciones Olejnik, 2019
|z 9789563926774
|
| 830 |
|
0 |
|a Biblioteca de derecho administrativo.
|
| 856 |
4 |
0 |
|3 Digitalia Hispánica
|u https://www.digitaliapublishing.com/a/104632/
|
| 910 |
|
|
|a Premium collection: 2022
|